[Event "MEX-ch U26 (Women)"]
[Site "Puebla"]
[Date "2014.04.28"]
[Round "2.9"]
[White "Cataneo Fernandez, Eunice Sarai"]
[Black "Saldana Cervantes, Maria Jo"]
[Result "0-1"]
[WhiteElo "1745"]
[BlackElo "1328"]
[PlyCount "71"]
[EventDate "2014.04.28"]
[EventType "swiss"]
[EventRounds "6"]
[EventCountry "MEX"]
[SourceTitle "CBM 160 Extra"]
[Source "ChessBase"]
[SourceDate "2014.07.01"]
[SourceVersion "1"]
[SourceVersionDate "2014.07.01"]
[SourceQuality "1"]

1. d4 d5 2. c4 c6 3. Nf3 Nf6 4. Nc3 e6 5. a3 Bd6 6. Bg5 Nbd7 7. e3 0-0 8. Bd3 Qe8 9. 0-0 e5 10. cxd5 e4 11. dxc6 bxc6 12. Bc4 exf3 13. Qxf3 Bb7 14. e4 c5 15. d5 Ne5 16. Qe2 Nxc4 17. Qxc4 Qe5 18. f4 Qd4+ 19. Qxd4 cxd4 20. Bxf6 gxf6 21. Nb5 Bc5 22. Rfd1 Rae8 23. b4 Bb6 24. Nd6 Re7 25. a4 a6 26. Kf2 Rd8 27. Nc4 Ba7 28. Kf3 f5 29. Ne5 fxe4+ 30. Kg4 Bxd5 31. b5 f6 32. Nc6 Bxc6 33. bxc6 Rc7 34. Rdc1 Rd6 35. Kf5 e3 36. Re1 0-1